| 000 | 00395nam a2200157Ia 4500 | ||
|---|---|---|---|
| 008 | 180921t1975 xxu||||| |||| 00| 0 eng d | ||
| 041 | _aeng | ||
| 080 |
_a65 _bFRA |
||
| 100 | _aFrancis, Dave | ||
| 245 | _aPeople at work :A practical guide to organizational change | ||
| 260 |
_b _c1975 |
||
| 300 | _a197p.,6s22 cm | ||
| 942 | _cBK | ||
| 999 |
_c19089 _d19089 |
||
| 003 | LK-CoDNM | ||
| 040 |
_aLK-CoDNM _dLK-CoDNM _eLK-CoDNM |
||